MARC

LEADER 00000nam0a2200000 4500
001 319114
005 20231102003140.0
035 |a (RuTPU)RU\TPU\book\344619 
090 |a 319114 
100 |a 20160520d1961 km y0rusy50 ca 
101 0 |a rus 
102 |a RU 
105 |a a g 001zy 
200 1 |a Справочник по механизации и автоматизации сборочных работ  |f В. С. Корсаков, М. П. Новиков 
210 |a Москва  |c Машгиз  |d 1961 
215 |a 374 с.  |c ил. 
320 |a Библиогр.: с. 370-372 
606 1 |a Сборочные работы  |x Автоматизация и механизация  |2 stltpush  |3 (RuTPU)RU\TPU\subj\53867  |9 72031 
610 1 |a справочники 
610 1 |a понятия 
610 1 |a определения 
610 1 |a технологические схемы 
610 1 |a технологическое оборудование 
610 1 |a транспортное оборудование 
610 1 |a подъемные устройства 
610 1 |a инструменты 
610 1 |a сборочные приспособления 
610 1 |a детали 
610 1 |a узлы 
610 1 |a балансировка 
610 1 |a монтаж 
675 |a 621.757:65.011.5(035)  |v 4 
700 1 |a Корсаков  |b В. С.  |g Владимир Сергеевич 
701 1 |a Новиков  |b М. П.  |g Михаил Павлович 
801 1 |a RU  |b 63413507  |c 20160520 
801 2 |a RU  |b 63413507  |c 20160525  |g RCR 
942 |c BK